000 00459nam a2200157 i 4500
001 97089
003 ES-MaACL
005 20230906182032.0
007 t|
008 050706s1969 sp ||||1| spa d
245 0 0 _aManual del técnico frigorista /
_ctraducido por D. Antonio Pino Salgado.
260 _aZaragoza :
_bAcribia,
_c1969.
300 _a383 p. :
_bil. ;
_c24 cm.
700 1 _aPino Salgado, Antonio.
_992181
852 _aES-MaACL
_jC-45561
_bR.68708
999 _c97089
_d97089